| 000 | 00000nam##2200000za#4500 |
| 001 | 9.557680 |
| 003 | CaOODSP |
| 005 | 20210624172018 |
| 007 | cr ||||||||||| |
| 008 | 150406|2001||||xxc|||||o f|0| 0 eng|d |
| 040 | |aCaOODSP|beng |
| 043 | |an-cn--- |
| 086 | 1 |aNH18-22/95-204E-IN |
| 110 | 2 |aCanada Mortgage and Housing Corporation. |
| 245 | 10|aEnvironmental site assessment interpretation guidelines |h[electronic resource] |
| 260 | |aOttawa - Ontario : |bCanada Mortgage and Housing Corporation |
| 300 | |a3p. (42 KB) |
| 490 | 1 |aResearch and development highlights; technical series |v95-204 |
| 590 | |a01-12|b2001-03-23 |
| 690 | 07|aSoil|2gcpds |
| 690 | 07|aContamination|2gcpds |
| 690 | 07|aProperty|2gcpds |
| 775 | 08|tDirectives d'interprétation des études environnementales d'un site (EES) / |w(CaOODSP)9.607643 |
| 830 | #0|aResearch and development highlights; technical series ;|v95-204|w(CaOODSP)9.504481 |
| 856 | 40|ahttp://publications.gc.ca|qPDF|s42 KB|uhttps://publications.gc.ca/collections/Collection/NH18-22-95-204E.pdf|y95-204 |